[Event "Naleczow (Women)"]
[Site "Naleczow"]
[Date "1986.??.??"]
[Round "12"]
[White "Hankova, Jana"]
[Black "Harmsen, Jessica MM"]
[Result "0-1"]
[WhiteElo "2100"]
[BlackElo "2040"]
[PlyCount "82"]
[EventDate "1986.07.??"]
[EventType "tourn"]
[EventRounds "12"]
[EventCountry "POL"]
[SourceTitle "EXT 2001"]
[Source "ChessBase"]
[SourceDate "2000.11.22"]
[SourceVersion "1"]
[SourceVersionDate "2000.11.22"]
[SourceQuality "1"]

1. d4 f5 2. g4 fxg4 3. h3 d6 4. hxg4 Bxg4 5. Qd3 Qd7 6. e4 Nf6 7. Bh3 Nc6 8. c3 0-0-0 9. f3 Bxh3 10. Nxh3 e6 11. Be3 d5 12. e5 Ne8 13. Nf4 h6 14. Qg6 Ne7 15. Qxe6 g5 16. Qxd7+ Rxd7 17. Ne6 Rg8 18. Nd2 Nf5 19. Nxf8 Rxf8 20. Bf2 Neg7 21. 0-0-0 Ne6 22. b3 Nf4 23. Kb1 Rg7 24. Nf1 Rg6 25. Ne3 Nxe3 26. Bxe3 Ng2 27. Bd2 Rxf3 28. Rdf1 Rxf1+ 29. Rxf1 Nh4 30. Kc1 Kd7 31. Kd1 Ke6 32. Ke2 Nf5 33. Rg1 g4 34. Be1 h5 35. Kd3 h4 36. Ke2 c5 37. a4 cxd4 38. cxd4 Nxd4+ 39. Kd3 Nf3 40. Rf1 Nxe1+ 41. Rxe1 g3 0-1

[Event "Naleczow (Women)"]
[Site "Naleczow"]
[Date "1986.??.??"]
[Round "8"]
[White "Hankova, Jana"]
[Black "Rzeczycka, Bozena"]
[Result "0-1"]
[WhiteElo "2100"]
[BlackElo "2030"]
[PlyCount "80"]
[EventDate "1986.07.??"]
[EventType "tourn"]
[EventRounds "12"]
[EventCountry "POL"]
[SourceTitle "EXT 2001"]
[Source "ChessBase"]
[SourceDate "2000.11.22"]
[SourceVersion "1"]
[SourceVersionDate "2000.11.22"]
[SourceQuality "1"]

1. e4 c5 2. Nc3 Nc6 3. g3 g6 4. Bg2 Bg7 5. d3 e6 6. Be3 d6 7. f4 Nge7 8. Nf3 Nd4 9. Qd2 0-0 10. 0-0 Rb8 11. Nd1 b6 12. c3 Nxf3+ 13. Bxf3 Bb7 14. d4 Qc7 15. g4 f5 16. exf5 exf5 17. g5 Bxf3 18. Rxf3 Rbe8 19. Bf2 Qb7 20. Rh3 Nd5 21. Be3 Rf7 22. dxc5 dxc5 23. Bf2 Rfe7 24. c4 Nb4 25. Nc3 Rd7 26. Nd5 Nxd5 27. cxd5 Rxd5 28. Rd3 Red8 29. Rxd5 Rxd5 30. Qe2 Qd7 31. Re1 Rd2 32. Qf3 Bxb2 33. Qa8+ Kf7 34. Qf3 c4 35. h4 Bd4 36. Re2 Rd3 37. Qg2 c3 38. Kh2 Bxf2 39. Rxf2 Rd2 40. Qf1 Rxf2+ 0-1

[Event "Naleczow (Women)"]
[Site "Naleczow"]
[Date "1986.??.??"]
[Round "7"]
[White "Kaczorowska, Barbara"]
[Black "Hankova, Jana"]
[Result "1-0"]
[WhiteElo "2115"]
[BlackElo "2100"]
[PlyCount "48"]
[EventDate "1986.07.??"]
[EventType "tourn"]
[EventRounds "12"]
[EventCountry "POL"]
[SourceTitle "EXT 2001"]
[Source "ChessBase"]
[SourceDate "2000.11.22"]
[SourceVersion "1"]
[SourceVersionDate "2000.11.22"]
[SourceQuality "1"]

1. e4 c5 2. Nf3 e6 3. d4 cxd4 4. Nxd4 a6 5. c4 Qc7 6. Be2 Nf6 7. Qd3 Nc6 8. Nxc6 bxc6 9. 0-0 Bc5 10. Nc3 Bb7 11. Na4 Ba7 12. c5 Rd8 13. Be3 Bb8 14. g3 d5 15. cxd6 Qxd6 16. Qb3 Ba8 17. Rad1 Qe7 18. Bc5 Qb7 19. Rxd8+ Kxd8 20. Rd1+ Ke8 21. Qd3 Bc7 22. Ba3 Qb5 23. Qc2 Qe5 24. Nc5 Bd8 1-0